| 000 | 00562nam a2200181Ia 4500 | ||
|---|---|---|---|
| 008 | 170510s9999 xx 000 0 und d | ||
| 100 | _aCheong, Pauline Hope | ||
| 245 | 4 | _aThe vitality of new media and religion: Communicative perspectives, practices, and changing authority in spiritual organization | |
| 245 | _cPauline Hope Cheong | ||
| 260 | _bSAGE | ||
| 260 | _c2017 | ||
| 300 | _apages 25-33, January | ||
| 440 |
_aNew Media & Society _v19:1 |
||
| 650 | _aAuthority | ||
| 650 | _aCommunication | ||
| 650 | _aConvergence | ||
| 650 | _aDigital Media | ||
| 999 |
_c329841 _d329841 |
||